NLSUI OPAC header image

The social animal (Record no. 7556)

MARC details
000 -LEADER
fixed length control field 00379nam a2200157Ia 4500
008 - FIXED-LENGTH DATA ELEMENTS--GENERAL INFORMATION
fixed length control field 160316s1984 xxu||||| |||| 00| 0 eng d
082 ## - DEWEY DECIMAL CLASSIFICATION NUMBER
Classification number 302.000000
Item number ARO
100 ## - MAIN ENTRY--PERSONAL NAME
Personal name Aronson Elliot
245 ## - TITLE STATEMENT
Title The social animal
250 ## - EDITION STATEMENT
Edition statement
260 ## - PUBLICATION, DISTRIBUTION, ETC.
Place of publication, distribution, etc. New York
Name of publisher, distributor, etc. W H Freeman & Co.
Date of publication, distribution, etc. 1984
300 ## - PHYSICAL DESCRIPTION
Extent 440p
Other physical details
Dimensions xvii
365 ## - TRADE PRICE
Price amount Gratis
650 ## - SUBJECT ADDED ENTRY--TOPICAL TERM
Topical term or geographic name entry element 1.Social Psychology
700 ## - ADDED ENTRY--PERSONAL NAME
Personal name
--
Holdings
Withdrawn status Lost status Damaged status Not for loan Home library Current library Shelving location Date acquired Total Checkouts Full call number Barcode Date last seen Price effective from Koha item type
        . . Library Compactors 30.05.2017   302 ARO 7779 30.05.2017 30.05.2017 BOOKs